000 00467cam a22001934a 4500
005 20250605164248.0
008 250528s ||||||||||||||||||||||||d
035 _a21633
020 _a9780198289883
040 _aGR-AtMCL
_bgre
_dGR-AtMCL
_eAACR2
245 1 _aFOUNDATIONS OF CORPORATE SUCCESS
250 _a1
260 _bOxford University Press,
_c1995
300 _a416
700 1 _aKay John
_94224
942 _cBK
999 _c6694
_d6694